000 00367nam a2200181Ia 4500
100 _aPowell/Thomas A
650 _aJavascript
250 _a3
942 _cBK
366 _f20
654 _ajavascript
245 _aJavascript:Complete reference
260 _bMcGraw Hill
_c2012
082 _a5.133
_bPOW
300 _a954
546 _aENGLISH
999 _c26590
_d26590